00597 a2200157 45000010006000000050017000060080041000230030015000640400040000790800093001192450060002122640036002723000019003080410008003271000104003355476820260407155823.0260407a1985 arg spa dAR-UNSa-BCEJYS aAR-UNSa-BCEJYSbspacAR-UNSa-BCEJYS a339.92xCooperación económica internacional. Integración económica internacional10aEl proceso de integración en América Latina en 1984 1aBuenos Aires :bBID-INTALc1985 a418 p.c22 cm. aspa1 aBanco Interamericano de Desarrollo. Instituto para la Integración de América Latina (BID-INTAL)